00477nam a2200169Ia 4500003000400000005001700004008004100021020001500062040000700077041000800084082002000092100002600112245010200138260003800240300001500278365001400293OSt20230509110321.0210423s2000 xx 000 0 und d a047132633X cAL aeng a615.19 TORP223 aTORRENCE (Paul F),Ed. aBiomedical chemistry: applying chemical principles to the understanding and treatment of disease. aNew YorkbJohn Wiley & Sonsc2000 axv,414bHB b3917cINR